|
003 -Nazwa inst., której nr kontr. jest w polu 001 [,]
|
-
- @
- Nazwa instytucji, której n kontrolny jest w polu 001
- NUKAT
|
|
005 -DATA I CZAS OSTATNIEJ MODYFIKACJI [,]
|
-
- @
- pole kontrolne
- 20241231093219.0
|
|
020 -Międzynarod. znormalizowany nr książki - ISBN [ , ]
|
-
- a
- Numer ISBN
- 9788363380229
|
|
040 -Instytucja sporządzająca opis [ , ]
|
-
- a
- Instytucja, która sporządziła opis (NP)
- WA M/AL
-
- b
- Język katalogowania
- pol
-
- e
- Zasady katalogowania
- rda
-
- c
- Instytucja, która sporządziła rekord (NP)
- WA M/AL
-
- d
- Instytucja, która zmodyfikowała rekord (P)
- WA M/MM
-
- d
- Instytucja, która zmodyfikowała rekord (P)
- WR U/da
-
- d
- Instytucja, która zmodyfikowała rekord (P)
- WA 14/MBs
|
|
942 -Rodzaj dokumentu [ , ]
|
-
- c
- Rodzaj dokumentu
- Książka
|
|
245 -Strefa tytułu i oznaczenia odpowiedzialności [1,0]
|
-
- a
- Tytuł
- Obowiązki notyfikacyjne akcjonariuszy związane ze zmianami udziałów w ogólnej liczbie głosów oraz osób pełniących obowiązki zarządcze w spółkach publicznych.
-
- n
- Oznaczenie części (P)
- Cz. 1,
-
- p
- Nazwa części (P)
- Znaczne pakiety akcji i obowiązki informacyjne związane ze zmianą udziału w ogólnej liczbie głosów spółki publicznej, wezwania do sprzedaży lub zamiany akcji, przymusowy wykup /
-
- c
- Pozostałe elementy strefy tytułu i oznaczenia odpowiedzialności (NP)
- Eliza Olszak, Aleksander Plutecki.
|
|
246 -Wariant tytułu [3,0]
|
-
- a
- Tytuł (NP)
- Znaczne pakiety akcji i obowiązki informacyjne związane ze zmianą udziału w ogólnej liczbie głosów spółki publiczej, wezwania do sprzedaży lub zamiany akcji, przymusowy wykup
|
|
250 -Strefa wydania [ , ]
|
-
- a
- Oznaczenie wydania (NP)
- Wydanie I. Stan prawny na dzień: 1 lipca 2018.
|
|
260 -Strefa adresu wydawniczego [ , ]
|
-
- a
- Miejsce wydania (P)
- Warszawa :
-
- b
- Nazwa wydawcy (P)
- Komisja Nadzoru Finansowego,
-
|
|
300 -Strefa opisu fizycznego [ , ]
|
-
- a
- Określenie formy książki i/lub objętość (NP)
- 48 stron :
-
- b
- Oznaczenie ilustracji (NP)
- ilustracja ;
-
|
|
336 -Typ zawartości [ , ]
|
-
- a
- Termin opisujący typ zawartości
- Tekst
-
- b
- Kod określający zawartość
- txt
-
- 2
- Źródło (terminu i kodu)
- rdacontent
|
|
337 -Typ mediów [ , ]
|
-
- a
- Tryb odtwarzania
- Bez urządzenia pośredniczącego
-
-
- 2
- Źródło (terminu i kodu)
- rdamedia
|
|
338 -Typ/rodzaj nośnika [ , ]
|
-
- a
- Hasło opisujące typ nośnika
- Wolumin
-
-
- 2
- Źródło (terminu i kodu)
- rdacarrier
|
|
380 -Deskryptor - Forma dzieła (P) [ , ]
|
-
- a
- forma dzieła (NP)
- Książki
|
|
380 -Deskryptor - Forma dzieła (P) [ , ]
|
-
- a
- forma dzieła (NP)
- Publikacje fachowe
|
|
385 -Deskryptor - grupa odbiorców (P) [ , ]
|
-
- a
- termin określający odbiorcę (P)
- Akcjonariusze
|
|
388 -Deskryptor - czas powstania dzieła (P) [1, ]
|
-
- a
- Czas powstania dzieła (NP)
- 2001-
|
|
650 -Hasło przedmiotowe [ ,7]
|
-
- a
- Hasło przedmiotowe
- Akcjonariusze
-
- x
- Określnik rzeczowy
- status prawny
-
- z
- Określnik geograficzny
- Polska.
-
-
|
|
650 -Hasło przedmiotowe [ ,7]
|
-
- a
- Hasło przedmiotowe
- Spółki
-
- x
- Określnik rzeczowy
- prawo
-
- z
- Określnik geograficzny
- Polska.
-
-
|
|
650 -Hasło przedmiotowe [ ,7]
|
-
- a
- Hasło przedmiotowe
- Akcjonariusze
-
-
|
|
650 -Hasło przedmiotowe [ ,7]
|
-
- a
- Hasło przedmiotowe
- Prawo spółek handlowych
-
-
|
|
650 -Hasło przedmiotowe [ ,7]
|
-
- a
- Hasło przedmiotowe
- Prawo Unii Europejskiej
-
-
|
|
650 -Hasło przedmiotowe [ ,7]
|
-
- a
- Hasło przedmiotowe
- Spółki publiczne
-
|
|
650 -Hasło przedmiotowe [ ,7]
|
-
- a
- Hasło przedmiotowe
- Zarząd
-
|
|
651 -Hasło przedmiotowe w formie nazwy geograficznej [ ,7]
|
-
- a
- Nazwa geograficzna
- Polska
-
-
|
|
655 -Hasło w funkcji tematu formalnego [ ,7]
|
-
- a
- Hasło
- Materiały pomocnicze
-
-
|
|
658 -Ujęcie treści [ , ]
|
-
- a
- dziedzina nauki i sztuki/ sfera aktywności życiowej
- Gospodarka, ekonomia, finanse
|
|
658 -Ujęcie treści [ , ]
|
-
- a
- dziedzina nauki i sztuki/ sfera aktywności życiowej
- Prawo i wymiar sprawiedliwości
|